Tratado de Metafísica (Record no. 74167)

MARC details
000 -LEADER
campo de control de longitud fija 00611nam a2200193 i 4500
001 - NÚMERO DE CONTROL
campo de control 74167
003 - IDENTIFICADOR DE NÚMERO DE CONTROL
campo de control ES-MaACL
005 - FECHA Y HORA DE LA ÚLTIMA TRANSACCIÓN
campo de control 20250518063239.0
007 - CAMPO FIJO DE DESCRIPCIÓN FÍSICA--INFORMACIÓN GENERAL
campo de control de longitud fija t|
008 - DATOS DE LONGITUD FIJA--INFORMACIÓN GENERAL
campo de control de longitud fija 040915s1979 sp ||||1| spa d
100 1# - ENTRADA PRINCIPAL--NOMBRE DE PERSONA
Nombre de persona González Álvarez, Ángel,
Fechas asociadas al nombre 1916-1991
9 (RLIN) 58414
245 10 - MENCIÓN DEL TÍTULO
Título Tratado de Metafísica
Resto del título : Ontología /
Mención de responsabilidad, etc. Angel González Alvarez.
260 ## - PUBLICACIÓN, DISTRIBUCIÓN, ETC.
Lugar de publicación, distribución, etc. [Madrid :
Nombre del editor, distribuidor, etc. Gredos,
Fecha de publicación, distribución, etc. 1979]
300 ## - DESCRIPCIÓN FÍSICA
Extensión 466 p. ;
Dimensiones 25 cm.
490 1# - MENCIÓN DE SERIE
Mención de serie Biblioteca hispánica de filosofía
830 0# - PUNTO DE ACCESO ADICIONAL DE SERIE-TÍTULO UNIFORME
Título uniforme Biblioteca hispánica de filosofía
9 (RLIN) 181000
852 ## - LOCALIZACIÓN
Ubicación ES-MaACL
Número de control de estantería A-10095
Sublocalización o colección R.99074
Holdings
Estatus retirado Estado de pérdida Estado de daño No para préstamo Biblioteca de origen Biblioteca actual Ubicación en estantería Fecha de adquisición Fuente de adquisición Total de préstamos Signatura topográfica completa Código de barras Visto por última vez Precio de reemplazo Tipo de ítem Koha
        Biblioteca del Ateneo de Madrid Biblioteca del Ateneo de Madrid Depósito 1 17/01/2008     A-10095 1077637 23/02/2023 23/02/2023 Libro impreso